000
00336nam a2200133Ia 4500
008
240624s9999 xx 000 0 und d
041
_a
eng
082
_a
332.024 CAG
100
_a
CAGAN MICHELE
245
_a
BUDGETING 101 FROM GETTING OUT OF DEBT A
260
_c
2018
_a
New York
_b
Adams Media
300
_a
255 P.; 17
365
_c
_b
33
999
_c
32138
_d
32138